[Event "Stuttgart-chB int"]
[Site "Ditzingen"]
[Date "2016.05.08"]
[Round "7"]
[White "Stuckel, Marc"]
[Black "Hrsak, Marco"]
[Result "1/2-1/2"]
[WhiteElo "1671"]
[BlackElo "1571"]
[PlyCount "56"]
[EventDate "2016.05.05"]
[EventType "swiss"]
[EventRounds "7"]
[EventCountry "GER"]
[SourceTitle "EXT 2018"]
[Source "ChessBase"]
[SourceDate "2017.10.13"]
[SourceVersion "1"]
[SourceVersionDate "2017.10.13"]
[SourceQuality "1"]

1. Nf3 Nf6 2. c4 c5 3. g3 g6 4. Bg2 Bg7 5. 0-0 0-0 6. Nc3 Nc6 7. d4 cxd4 8. Nxd4 Qb6 9. Nxc6 bxc6 10. Na4 Qb4 11. b3 Rb8 12. Bb2 Rd8 13. Qc2 d5 14. Be5 Rb7 15. Rad1 Rbd7 16. Bc3 Qa3 17. Ba5 Re8 18. Bh3 e6 19. Bg2 Bb7 20. b4 dxc4 21. Nc5 Rxd1 22. Rxd1 Ba8 23. Qxc4 Nd5 24. Qb3 Qxb3 25. Nxb3 Bc3 26. a3 Bb2 27. e4 Nc3 28. Rd7 Bxa3 1/2-1/2